Music Quiz

Random Music or Bands Quiz

All-Time Journey Band Members Quiz Stats

 Plays Quiz not verified by Sporcle

Challenge
Share
Tweet
Embed
Score 0/13 Timer 03:00
1 Play Today
% Correct
Steve Perry
98.4%
Neal Schon
93.6%
Jonathan Cain
87.2%
Ross Valory
82.4%
Steve Smith
81.6%
Arnel Pineda
69.6%
Gregg Rolie
66.4%
Randy Jackson
61.6%
Steve Augeri
61.6%
Aynsley Dunbar
49.6%
Deen Castronovo
49.6%
George Tickner
31.2%
Robert Fleischman
29.6%

You're not logged in!

Compare scores with friends on all Sporcle quizzes.
OR
Log In

You Might Also Like...

Show Comments

Extras

Created Mar 20, 2011ReportNominate
Tags:Bands Quiz, journey

Top Quizzes Today


Score Distribution

Your Account Isn't Verified!

In order to create a playlist on Sporcle, you need to verify the email address you used during registration. Go to your Sporcle Settings to finish the process.

Report this User

Report this user for behavior that violates our Community Guidelines.

Details: